000 02248nam0a2200433 4500
001 RU\NLR\BIBL_A\012293382
005 20200723151243.0
010 _a978-5-9704-4951-6
_91000
021 _aRU
_bКН-П-20-015184
_9КН-П-20-1188
035 _a(NLR Aleph) 012293382
035 _a(RuMoRGB)010300892
090 _a11281442
_c11281442
100 _a20200715d2020 m y0rusy50 ca
101 1 _arus
_ceng
102 _aRU
105 _aa|||jzzz0||zy
181 0 _ai
_baxxe
182 0 _an
200 1 _aЭндокринология по Вильямсу
_iДетская эндокринология
_eизбранные главы 23, 24 и 25 из "Williams Textbook of Endocrinology", 13th edition
_fШломо Мелмед, Кеннет С. Полонски, П. Рид Ларсен, Генри М. Кроненберг
_g[пер. с англ.] под редакцией акад. И. И. Дедова, акад. Г. А. Мельниченко
203 _aТекст
_bвизуальный
_cнепосредственный
210 _aМосква
_cГЭОТАР-Медиа
_d2020
215 _a839, [1] с.
_cил., цв. ил., табл.
_d25
225 1 _aСерия "Эндокринология по Вильямсу"
300 _aЗагл. и авт. ориг.: Загл. и авт. ориг.: Williams Textbook of Endocrinology: selected chapters 23, 24 and 25 / Shlomo Melamed, Kenneth S. Polonsky, P. Reed Larsen, Henry M. Kronenberg
320 _aБиблиогр. в конце гл.
320 _aПредм. указ.: с. 833-840
454 0 _12001#$aWilliams Textbook of Endocrinology$eselected chapters 23, 24 and 25
517 1 _aДетская эндокринология
606 1 _aЭндокринология детская
_jРуководства, пособия и т.п
_2nlr_sh2
_3RU\NLR\AUTH\6601595130
686 1 _aР733.415.1я7
701 1 _aМелмед
_bШ.
_gШломо
701 1 _aПолонски
_bК. С.
_gКеннет С
701 1 _aЛарсен
_bП. Р.
_gП. Рид
_3RU\NLR\AUTH\7795335
701 1 _aКроненберг
_bГ. М.
_gГенри М
942 _cBOOK
980 _aNBR
980 _aNB